[Event "CRO-ch U15 Girls"]
[Site "Trogir"]
[Date "2022.06.23"]
[Round "3"]
[White "Jovic, Lara"]
[Black "Friscic, Laura"]
[Result "0-1"]
[WhiteElo "1733"]
[BlackElo "1106"]
[PlyCount "102"]
[EventDate "2022.06.22"]
[EventType "swiss"]
[EventRounds "9"]
[EventCountry "CRO"]
[SourceTitle "CBM 209 Extra"]
[Source "ChessBase"]
[SourceDate "2022.09.30"]
[SourceVersion "1"]
[SourceVersionDate "2022.09.30"]
[SourceQuality "1"]

1. d4 Nf6 2. c4 g6 3. Nc3 d5 4. cxd5 Nxd5 5. e4 Nxc3 6. bxc3 Bg7 7. Nf3 c5 8. Bb5+ Bd7 9. Bxd7+ Qxd7 10. 0-0 Nc6 11. Be3 0-0 12. d5 Na5 13. Rc1 b6 14. c4 Rad8 15. Qd2 Qa4 16. Qc2 Qxc2 17. Rxc2 Rfe8 18. Re1 e6 19. h3 Nb7 20. Bf4 f6 21. Rd2 Nd6 22. Bxd6 Rxd6 23. e5 fxe5 24. Nxe5 exd5 25. Nf3 Rxe1+ 26. Nxe1 Bc3 27. Re2 Bxe1 28. Re8+ Kf7 29. Rxe1 dxc4 30. Rc1 Rd4 31. Kf1 b5 32. Rb1 c3 33. Rc1 Rd3 34. Ke2 c4 35. Rd1 Rxd1 36. Kxd1 b4 37. Kc2 Kf6 38. g4 Kg5 39. f3 Kf4 40. h4 Kxf3 41. g5 Kg4 42. Kc1 Kxh4 43. Kc2 Kxg5 44. Kc1 h5 45. Kc2 h4 46. Kd1 h3 47. Kc2 h2 48. Kd1 h1Q+ 49. Ke2 Kf4 50. a3 Qg2+ 51. Kd1 Qd2# 0-1